[Event "Monarch Assurance Isle of Man 10th"]
[Site "Port Erin IOM"]
[Date "2001.10.06"]
[Round "8.12"]
[White "Willmoth, Robert"]
[Black "Arakhamia-Grant, Ketevan"]
[Result "1/2-1/2"]
[WhiteElo "2239"]
[BlackElo "2446"]
[PlyCount "142"]
[EventDate "2001.09.29"]
[EventType "swiss"]
[EventRounds "9"]
[EventCountry "IOM"]
[SourceTitle "BritBase"]
[SourceDate "2008.07.14"]
[SourceVersion "1"]
[SourceVersionDate "2008.07.14"]
[SourceQuality "2"]

1. e4 c5 2. Nf3 e6 3. d4 cxd4 4. Nxd4 Nf6 5. Nc3 d6 6. g4 h6 7. h4 Nc6 8. Rg1
h5 9. g5 Ng4 10. Nb3 Qb6 11. Qe2 Bd7 12. Rg2 a6 13. f3 Nge5 14. Be3 Qc7 15. Qf2
b5 16. a4 b4 17. Nd1 g6 18. a5 Be7 19. Qg3 Bc8 20. f4 Nd7 21. Rd2 Bb7 22. Bd3
Nc5 23. Bxc5 dxc5 24. Ne3 O-O-O 25. Nc4 Kb8 26. O-O-O Nd4 27. Nxd4 cxd4 28. b3
Bc6 29. Kb2 Bb5 30. Ra1 Rc8 31. Qf2 Bc5 32. Qf3 Rhd8 33. Rf2 Bxc4 34. bxc4 Ka7
35. Kb3 Be7 36. Ra4 Rd6 37. f5 Rc6 38. fxg6 fxg6 39. Qe2 Qg3 40. Rf7 R8c7 41.
Qf2 Qd6 42. Qf4 e5 43. Qf1 Qe6 44. Rf3 Rb7 45. Ra2 Rc8 46. Ra1 Rbb8 47. Qh3 Qd6
48. Rf7 Rc5 49. Qf1 Rb7 50. Rg7 Qc6 51. Qf7 Qc7 52. Ra4 Qd8 53. Rg8 Qc7 54. Qe8
Rb8 55. Qxb8+ Qxb8 56. Rxb8 Kxb8 57. Rxb4+ Kc7 58. Rb6 Rc6 59. c5 Bxc5 60.
Rxc6+ Kxc6 61. Bxa6 d3 62. Bxd3 Bf2 63. Kb4 Bxh4 64. Bb5+ Kb7 65. Be8 Bxg5 66.
Bxg6 h4 67. Bf5 Kc6 68. Kc4 Bd2 69. a6 Kb6 70. Kd5 Bc3 71. Bc8 h3 1/2-1/2

[Event "Monarch Assurance Isle of Man 10th"]
[Site "Port Erin IOM"]
[Date "2001.10.06"]
[Round "8.13"]
[White "Hillarp Persson, Tiger"]
[Black "Simons, Martin"]
[Result "1-0"]
[WhiteElo "2438"]
[BlackElo "2215"]
[PlyCount "63"]
[EventDate "2001.09.29"]
[EventType "swiss"]
[EventRounds "9"]
[EventCountry "IOM"]
[SourceTitle "BritBase"]
[SourceDate "2008.07.14"]
[SourceVersion "1"]
[SourceVersionDate "2008.07.14"]
[SourceQuality "2"]

1. c4 Nf6 2. d4 c5 3. d5 b5 4. Nf3 g6 5. cxb5 a6 6. b6 a5 7. Nc3 Ba6 8. e4 Bxf1
9. Kxf1 d6 10. e5 dxe5 11. Nxe5 Nbd7 12. b7 Ra6 13. Qa4 Qb8 14. Bg5 Qxb7 15.
Bxf6 Rxf6 16. Ne4 Rf4 17. Nxd7 Qxd7 18. Nd6+ exd6 19. Re1+ Be7 20. Qxf4 O-O 21.
h4 h5 22. Rh3 Rb8 23. b3 Rb4 24. Re4 Qb5+ 25. Kg1 Bf8 26. Rhe3 Qb7 27. Rd3 Qb5
28. Rc4 a4 29. Rf3 f5 30. Rxb4 cxb4 31. Qg5 Kf7 32. Rg3 1-0

[Event "Monarch Assurance Isle of Man 10th"]
[Site "Port Erin IOM"]
[Date "2001.10.06"]
[Round "8.14"]
[White "Goodger, Martyn"]
[Black "Williams, Simon K"]
[Result "0-1"]
[WhiteElo "2136"]
[BlackElo "2369"]
[PlyCount "110"]
[EventDate "2001.09.29"]
[EventType "swiss"]
[EventRounds "9"]
[EventCountry "IOM"]
[SourceTitle "BritBase"]
[SourceDate "2008.07.14"]
[SourceVersion "1"]
[SourceVersionDate "2008.07.14"]
[SourceQuality "2"]

1. e4 c5 2. c3 e6 3. d4 d5 4. e5 Nc6 5. Nf3 Bd7 6. Be2 Nh6 7. O-O Qb6 8. b3
cxd4 9. cxd4 Nf5 10. Bb2 Be7 11. Kh1 O-O 12. Nc3 f6 13. Na4 Qc7 14. Rc1 fxe5
15. dxe5 Be8 16. Nc5 Bxc5 17. Rxc5 Bh5 18. h3 Bg6 19. g4 Nfe7 20. Ng5 Qd7 21.
Bd3 Bxd3 22. Qxd3 Ng6 23. f4 Qe7 24. Rcc1 Rxf4 25. Rxf4 Qxg5 26. Rff1 Ngxe5 27.
Qe2 d4 28. Rxc6 Nxc6 29. Qxe6+ Kh8 30. Qf7 h6 31. Qxb7 Qd5+ 32. Kg1 Re8 33. Qf7
Qe4 34. Bc1 Qe6 35. Qxe6 Rxe6 36. Kf2 Nb4 37. Rd1 d3 38. Rd2 Rc6 39. Ba3 Nc2
40. Be7 Rc7 41. Bd6 Rf7+ 42. Kg3 Ne1 43. Rd1 Rf3+ 44. Kh2 Rf1 45. Kg3 Rf3+ 46.
Kh2 Re3 47. Bf4 Re2+ 48. Kh1 g5 49. Bb8 d2 50. b4 Nf3 51. Bg3 Re1+ 52. Bxe1
dxe1=Q+ 53. Rxe1 Nxe1 54. a4 Nc2 55. b5 Nd4 0-1

[Event "Monarch Assurance Isle of Man 10th"]
[Site "Port Erin IOM"]
[Date "2001.10.06"]
[Round "8.15"]
[White "Kirsanov, Oleg"]
[Black "Valenti, Richard"]
[Result "1/2-1/2"]
[WhiteElo "2365"]
[BlackElo "2143"]
[PlyCount "28"]
[EventDate "2001.09.29"]
[EventType "swiss"]
[EventRounds "9"]
[EventCountry "IOM"]
[SourceTitle "BritBase"]
[SourceDate "2008.07.14"]
[SourceVersion "1"]
[SourceVersionDate "2008.07.14"]
[SourceQuality "2"]

1. c4 g6 2. Nc3 Bg7 3. d4 Nf6 4. e4 O-O 5. f4 d6 6. Nf3 a6 7. e5 Nfd7 8. Be2 c5
9. exd6 cxd4 10. dxe7 Qxe7 11. Nd5 Qc5 12. O-O d3+ 13. Be3 dxe2 14. Qxe2 Re8
1/2-1/2

[Event "Monarch Assurance Isle of Man 10th"]
[Site "Port Erin IOM"]
[Date "2001.10.06"]
[Round "8.16"]
[White "Sowray, Peter J"]
[Black "Coathup, Roger"]
[Result "1/2-1/2"]
[WhiteElo "2334"]
[BlackElo "2130"]
[PlyCount "51"]
[EventDate "2001.09.29"]
[EventType "swiss"]
[EventRounds "9"]
[EventCountry "IOM"]
[SourceTitle "BritBase"]
[SourceDate "2008.07.14"]
[SourceVersion "1"]
[SourceVersionDate "2008.07.14"]
[SourceQuality "2"]

1. e4 c5 2. Nf3 e6 3. d4 cxd4 4. Nxd4 a6 5. Nc3 Qc7 6. Be3 Nf6 7. Be2 Bb4 8.
Qd3 Nxe4 9. O-O Nxc3 10. bxc3 Qxc3 11. Qe4 Be7 12. Bd3 Nc6 13. Nxc6 Qxc6 14.
Qg4 Bf6 15. Rab1 d5 16. c4 O-O 17. Rb6 Qc7 18. cxd5 exd5 19. Qh5 g6 20. Qxd5
Rd8 21. Qf3 Bd4 22. Rb3 Be6 23. Rxb7 Qd6 24. Be4 Bxe3 25. Qxe3 Rab8 26. Rxb8
1/2-1/2

[Event "Monarch Assurance Isle of Man 10th"]
[Site "Port Erin IOM"]
[Date "2001.10.06"]
[Round "8.17"]
[White "Clark, Stephen P"]
[Black "Ryan, Joseph"]
[Result "0-1"]
[WhiteElo "2112"]
[BlackElo "2305"]
[PlyCount "122"]
[EventDate "2001.09.29"]
[EventType "swiss"]
[EventRounds "9"]
[EventCountry "IOM"]
[SourceTitle "BritBase"]
[SourceDate "2008.07.14"]
[SourceVersion "1"]
[SourceVersionDate "2008.07.14"]
[SourceQuality "2"]

1. d4 d5 2. Bf4 Nf6 3. e3 c5 4. c3 Nc6 5. Nf3 Qb6 6. Qb3 c4 7. Qxb6 axb6 8. Na3
Bf5 9. Be2 e6 10. Nb5 Kd7 11. O-O Ra5 12. a4 h6 13. Nd2 Ne4 14. Nxe4 Bxe4 15.
f3 Bc2 16. Bd1 Bxd1 17. Rfxd1 Be7 18. e4 Na7 19. exd5 exd5 20. Na3 Nc6 21. Nb5
Rha8 22. Nc7 Rc8 23. Nb5 Na7 24. Nxa7 Rxa7 25. Rdb1 Rca8 26. b3 cxb3 27. Rxb3
Kc6 28. Re1 Bd8 29. Be5 f6 30. Bg3 Kd7 31. Rb5 Ra5 32. Reb1 Kc6 33. Re1 Rxa4
34. Rb2 Ra1 35. Rbe2 Rxe1+ 36. Bxe1 Kd7 37. Kf2 Bc7 38. Rb2 Re8 39. h3 Kc6 40.
Bd2 h5 41. h4 Bd6 42. g3 Ra8 43. f4 f5 44. Rb1 Ra2 45. Ke3 b5 46. Kd3 Ra3 47.
Bc1 Ra8 48. Bd2 Ra2 49. Rc1 Ra3 50. Ke2 Kd7 51. Be1 Rb3 52. Kd2 Ba3 53. Kc2
Rb2+ 54. Kd3 Ra2 55. Rc2 Ra1 56. Re2 Bd6 57. Ke3 b4 58. cxb4 Ra3+ 59. Kf2 Rd3
60. Rd2 Rxd2+ 61. Bxd2 Kc6 0-1

[Event "Monarch Assurance Isle of Man 10th"]
[Site "Port Erin IOM"]
[Date "2001.10.06"]
[Round "8.18"]
[White "Howell, David W"]
[Black "Marusenko, Petr"]
[Result "0-1"]
[WhiteElo "2193"]
[BlackElo "2362"]
[PlyCount "104"]
[EventDate "2001.09.29"]
[EventType "swiss"]
[EventRounds "9"]
[EventCountry "IOM"]
[SourceTitle "BritBase"]
[SourceDate "2008.07.14"]
[SourceVersion "1"]
[SourceVersionDate "2008.07.14"]
[SourceQuality "2"]

1. e4 g6 2. d4 Bg7 3. Nc3 c6 4. Nf3 d5 5. h3 Nh6 6. Bd3 f6 7. Qe2 O-O 8. exd5
cxd5 9. Nxd5 Nc6 10. c3 Nf7 11. Ne3 e5 12. dxe5 Ncxe5 13. Nxe5 Nxe5 14. Bc2 f5
15. f4 Nf7 16. O-O Be6 17. Bd2 Qb6 18. Qf2 Qxb2 19. Rfb1 Qa3 20. Rxb7 Bxc3 21.
Bxc3 Qxc3 22. Qe1 Qc6 23. Rb2 Rab8 24. Rab1 Rxb2 25. Rxb2 Re8 26. Kf2 Nd6 27.
Qb4 Bf7 28. Qd4 Ne4+ 29. Bxe4 Qxe4 30. Rd2 Qxd4 31. Rxd4 Rb8 32. a3 Rb2+ 33.
Kf3 a5 34. Ra4 Rb5 35. Ke2 Be8 36. Rd4 Rb2+ 37. Rd2 Bb5+ 38. Ke1 Rb3 39. Nc2
Bd3 40. Kf2 Be4 41. Re2 Kf7 42. Ne3 Rxa3 43. Nc4 Ra4 44. Nd6+ Ke6 45. Nxe4 Rxe4
46. Ra2 a4 47. Kg3 Kd5 48. Rf2 a3 49. Kh4 Ra4 50. Ra2 Rxf4+ 51. Kg5 Ra4 52. Kh6
Ra7 0-1

[Event "Monarch Assurance Isle of Man 10th"]
[Site "Port Erin IOM"]
[Date "2001.10.06"]
[Round "8.20"]
[White "Lutton, J Ezra"]
[Black "McNally, Bruce"]
[Result "1/2-1/2"]
[WhiteElo "2093"]
[BlackElo "2010"]
[PlyCount "88"]
[EventDate "2001.09.29"]
[EventType "swiss"]
[EventRounds "9"]
[EventCountry "IOM"]
[SourceTitle "BritBase"]
[SourceDate "2008.07.14"]
[SourceVersion "1"]
[SourceVersionDate "2008.07.14"]
[SourceQuality "2"]

1. Nc3 d5 2. e4 dxe4 3. Nxe4 e5 4. Bc4 Nc6 5. d3 Be7 6. Nf3 h6 7. Bb5 Bg4 8. h3
Bxf3 9. Qxf3 Qd7 10. Be3 a6 11. Ba4 Nf6 12. Nxf6+ Bxf6 13. Bxc6 bxc6 14. Qe4
Qd5 15. b3 Qxe4 16. dxe4 O-O-O 17. Ke2 Be7 18. Rad1 Rxd1 19. Rxd1 h5 20. Rd3 g6
21. Bd2 Rd8 22. Rf3 f6 23. Rg3 Rg8 24. Rd3 Rd8 25. f3 Rxd3 26. Kxd3 f5 27. exf5
gxf5 28. Ke2 Kd7 29. g4 hxg4 30. hxg4 Ke6 31. Be1 e4 32. Ba5 exf3+ 33. Kxf3
fxg4+ 34. Kxg4 Bd6 35. Kf3 Kd5 36. Ke3 Bh2 37. Kd3 c5 38. c4+ Ke6 39. Ke4 Be5
40. Bd2 c6 41. Be3 Bd6 42. Bf2 Be7 43. Bg3 Bf8 44. Be5 Be7 1/2-1/2

[Event "Monarch Assurance Isle of Man 10th"]
[Site "Port Erin IOM"]
[Date "2001.10.06"]
[Round "8.21"]
[White "Allen, Keith"]
[Black "Spence, David J"]
[Result "0-1"]
[WhiteElo "2289"]
[BlackElo "2185"]
[PlyCount "120"]
[EventDate "2001.09.29"]
[EventType "swiss"]
[EventRounds "9"]
[EventCountry "IOM"]
[SourceTitle "BritBase"]
[SourceDate "2008.07.14"]
[SourceVersion "1"]
[SourceVersionDate "2008.07.14"]
[SourceQuality "2"]

1. d4 d5 2. c4 c6 3. Nf3 Nf6 4. Nc3 a6 5. cxd5 cxd5 6. Bf4 Nc6 7. e3 Bg4 8. h3
Bxf3 9. Qxf3 e6 10. Bd3 Be7 11. g4 Rc8 12. O-O O-O 13. Rad1 Qb6 14. Rd2 Na5 15.
g5 Nd7 16. e4 dxe4 17. Qxe4 g6 18. Nd5 exd5 19. Qxe7 Qe6 20. Qxe6 fxe6 21. Bd6
Rfe8 22. b3 Nc6 23. Be2 Ne7 24. Bg4 Nf5 25. Ba3 Nb8 26. Kg2 Rc3 27. Bb2 Nh4+
28. Kh1 Rcc8 29. Re1 Kf7 30. Re3 Nc6 31. a3 Na7 32. Rde2 Nf5 33. Rd3 Rc7 34.
Bxf5 exf5 35. Rxe8 Kxe8 36. Bc3 Nc6 37. h4 Kf7 38. Kg2 Re7 39. Re3 Re4 40. Rxe4
dxe4 41. d5 Ne7 42. d6 Nd5 43. Be5 Ke6 44. f4 exf3+ 45. Kxf3 Nb6 46. Bg3 Nc8
47. Ke3 Nxd6 48. Kd4 Nb5+ 49. Kc5 Nxa3 50. Kb6 Nb5 51. Kxb7 Nd4 52. b4 Nc2 53.
Kxa6 Nxb4+ 54. Kb5 Nd3 55. Kc4 f4 56. Bh2 Ne5+ 57. Kc3 Kf5 58. Bg1 Kg4 59. Bf2
Nf3 60. Kd3 Nxh4 0-1

[Event "Monarch Assurance Isle of Man 10th"]
[Site "Port Erin IOM"]
[Date "2001.10.06"]
[Round "8.22"]
[White "May, Frank"]
[Black "Benson, Paul"]
[Result "1/2-1/2"]
[WhiteElo "2125"]
[BlackElo "2046"]
[PlyCount "172"]
[EventDate "2001.09.29"]
[EventType "swiss"]
[EventRounds "9"]
[EventCountry "IOM"]
[SourceTitle "BritBase"]
[SourceDate "2008.07.14"]
[SourceVersion "1"]
[SourceVersionDate "2008.07.14"]
[SourceQuality "2"]

1. d4 f5 2. g3 Nf6 3. Bg2 d5 4. Nf3 e6 5. O-O Bd6 6. c4 c6 7. b3 Qe7 8. Bb2 O-O
9. Nbd2 b6 10. Ne5 Bb7 11. Rc1 Nfd7 12. Ndf3 g5 13. Qd2 g4 14. Ne1 a5 15. N1d3
Bxe5 16. dxe5 Na6 17. Qe3 Nb4 18. a3 Nxd3 19. exd3 Nc5 20. Rcd1 Nxb3 21. Qxb6
a4 22. Qe3 c5 23. f3 d4 24. Qf4 Bxf3 25. Bxf3 gxf3 26. Rxf3 Qg7 27. h3 Rab8 28.
Kh2 Na5 29. Bc1 Nc6 30. Re1 h6 31. Rff1 h5 32. Rg1 Kh7 33. Qf3 Nxe5 34. Qxh5+
Kg8 35. Qe2 Ng6 36. Qxe6+ Kh8 37. Qe2 Rb3 38. g4 f4 39. Rgf1 Qc7 40. Qf3 Kg8
41. Qd5+ Kg7 42. Rf3 Rxd3 43. Ref1 Rxf3 44. Qxf3 Qf7 45. Qd5 Qxd5 46. cxd5 Rd8
47. h4 Rxd5 48. h5 Ne5 49. Bxf4 Nxg4+ 50. Kg3 Ne3 51. h6+ Kh7 52. Rb1 Rd7 53.
Kf3 Nd5 54. Be5 Kxh6 55. Rb5 d3 56. Rb1 c4 57. Rd1 Kg6 58. Ke4 Nf6+ 59. Kf3 Kf5
60. Bc3 Ne4 61. Bb4 c3 62. Ke3 c2 63. Rh1 Ng3 64. Rg1 Kg4 65. Bd2 Kh3 66. Kf3
Rf7+ 67. Ke3 Kh2 68. Rxg3 Kxg3 69. Kxd3 Rc7 70. Bc1 Kf3 71. Kd2 Ke4 72. Bb2 Rc6
73. Bc1 Kd4 74. Bb2+ Kc4 75. Kxc2 Rg6 76. Be5 Rg2+ 77. Kc1 Rg5 78. Bd6 Kb3 79.
Bb4 Rg2 80. Bf8 Rc2+ 81. Kd1 Rc4 82. Kd2 Kb2 83. Kd3 Rc3+ 84. Kd2 Rf3 85. Bb4
Rb3 86. Bf8 Rb8 1/2-1/2

[Event "Monarch Assurance Isle of Man 10th"]
[Site "Port Erin IOM"]
[Date "2001.10.06"]
[Round "8.23"]
[White "Stuart, E Leslie"]
[Black "Bolt, Graham"]
[Result "1/2-1/2"]
[WhiteElo "2039"]
[BlackElo "2124"]
[PlyCount "146"]
[EventDate "2001.09.29"]
[EventType "swiss"]
[EventRounds "9"]
[EventCountry "IOM"]
[SourceTitle "BritBase"]
[SourceDate "2008.07.14"]
[SourceVersion "1"]
[SourceVersionDate "2008.07.14"]
[SourceQuality "2"]

1. d4 Nf6 2. Nf3 g6 3. c3 Bg7 4. Bf4 O-O 5. e3 d5 6. Bd3 Nbd7 7. h3 c5 8. Nbd2
b6 9. O-O Bb7 10. Qb1 Rc8 11. Re1 e6 12. a4 c4 13. Bc2 a6 14. Ne5 Nxe5 15. Bxe5
Re8 16. Qa2 Bf8 17. Reb1 Nd7 18. Bg3 e5 19. dxe5 Nxe5 20. Rd1 Qf6 21. Bxe5 Rxe5
22. Nf3 Rh5 23. Rd4 Bd6 24. Bd1 Rh6 25. Be2 Re8 26. Qb1 Re4 27. Qd1 Bc5 28.
Rxd5 Bxd5 29. Qxd5 Re8 30. Qxc4 a5 31. Rd1 Qe6 32. Qf4 Kg7 33. Bb5 Rf8 34. b4
axb4 35. cxb4 Be7 36. Rd7 Rh5 37. Nd4 Qf6 38. Qxf6+ Kxf6 39. Nc6 Re8 40. Rd4
Rc8 41. g4 Rxc6 42. Bxc6 Re5 43. Kf1 Bf8 44. Ke2 Re7 45. f4 Rc7 46. g5+ Ke7 47.
Bd5 Bg7 48. Re4+ Kd6 49. Bc4 Bc3 50. Kd3 Bxb4 51. Bxf7 Be1 52. Rd4+ Ke7 53. Bc4
Bb4 54. Ke2 Bc5 55. Re4+ Kf8 56. Kf3 Re7 57. Be6 Kg7 58. Kg4 h6 59. gxh6+ Kxh6
60. f5 Kg7 61. Kg5 gxf5 62. Kxf5 Kf8 63. h4 Rh7 64. Kg6 Rg7+ 65. Kf5 Rg3 66.
Rc4 Rxe3 67. a5 Ra3 68. axb6 Bxb6 69. h5 Kg7 70. Rg4+ Kh6 71. Bf7 Rf3+ 72. Ke6
Rxf7 73. Kxf7 Kxh5 1/2-1/2

[Event "Monarch Assurance Isle of Man 10th"]
[Site "Port Erin IOM"]
[Date "2001.10.06"]
[Round "8.24"]
[White "Ellison, D George"]
[Black "Bousbouras, Spyridon"]
[Result "1-0"]
[WhiteElo "2104"]
[BlackElo "2102"]
[PlyCount "121"]
[EventDate "2001.09.29"]
[EventType "swiss"]
[EventRounds "9"]
[EventCountry "IOM"]
[SourceTitle "BritBase"]
[SourceDate "2008.07.14"]
[SourceVersion "1"]
[SourceVersionDate "2008.07.14"]
[SourceQuality "2"]

1. c4 e5 2. g3 f5 3. d4 e4 4. Nc3 Nf6 5. Bg2 Bb4 6. Qb3 Na6 7. Bd2 c6 8. Nxe4
fxe4 9. Bxb4 d5 10. e3 Be6 11. Bc3 Qd7 12. cxd5 Bxd5 13. Qc2 O-O 14. Nh3 Qd6
15. O-O Nb4 16. Bxb4 Qxb4 17. a3 Qe7 18. Nf4 Bf7 19. Qc5 Rfe8 20. Qxe7 Rxe7 21.
h4 h6 22. Rac1 g5 23. hxg5 hxg5 24. Nh3 g4 25. Nf4 Rd8 26. Rc5 Kg7 27. b4 Kh6
28. Rfc1 Nh7 29. b5 cxb5 30. Rxb5 Ng5 31. Rcc5 Nf3+ 32. Bxf3 gxf3 33. Re5 Rde8
34. Rxe7 Rxe7 35. Rc5 Kg7 36. Kf1 Kf6 37. Ke1 Kg7 38. Kd2 b6 39. Rc6 Be8 40.
Rc8 Bf7 41. Kc3 Rd7 42. Kb4 Ba2 43. Kb5 Bb3 44. Rc3 Bd1 45. Rc7 Rxc7 46. Ne6+
Kf6 47. Nxc7 Bb3 48. Kc6 Kg5 49. Nd5 b5 50. Nf4 Ba4 51. Kc5 Kf6 52. Nd5+ Kf5
53. Nc3 b4 54. Nxa4 bxa3 55. Nc3 Kg4 56. d5 Kh3 57. d6 a2 58. Nxa2 Kg2 59. d7
Kxf2 60. d8=Q Kxg3 61. Nc3 1-0

[Event "Monarch Assurance Isle of Man 10th"]
[Site "Port Erin IOM"]
[Date "2001.10.06"]
[Round "8.25"]
[White "Yurenok, Maria"]
[Black "Ormsby, Alan"]
[Result "1/2-1/2"]
[WhiteElo "2088"]
[BlackElo "1720"]
[PlyCount "51"]
[EventDate "2001.09.29"]
[EventType "swiss"]
[EventRounds "9"]
[EventCountry "IOM"]
[SourceTitle "BritBase"]
[SourceDate "2008.07.14"]
[SourceVersion "1"]
[SourceVersionDate "2008.07.14"]
[SourceQuality "2"]

1. d4 d5 2. c4 c6 3. Nc3 Nf6 4. Nf3 dxc4 5. a4 Bf5 6. Ne5 Nbd7 7. Nxc4 Qc7 8.
g3 e5 9. dxe5 Nxe5 10. Bf4 Nfd7 11. Bg2 f6 12. Nxe5 Nxe5 13. a5 a6 14. O-O Bc5
15. Ne4 Rd8 16. Qc2 Bxe4 17. Bxe4 Qe7 18. Bxe5 Qxe5 19. Bxh7 Ke7 20. Ra4 Rd4
21. Rxd4 Qxd4 22. e3 Qe5 23. Qg6 Qg5 24. Qe4+ Qe5 25. Qg6 Qg5 26. Qe4+ 1/2-1/2

[Event "Monarch Assurance Isle of Man 10th"]
[Site "Port Erin IOM"]
[Date "2001.10.06"]
[Round "8.26"]
[White "Van Kemenade, Rudy"]
[Black "Spanton, Tim"]
[Result "1-0"]
[WhiteElo "1992"]
[BlackElo "2051"]
[PlyCount "115"]
[EventDate "2001.09.29"]
[EventType "swiss"]
[EventRounds "9"]
[EventCountry "IOM"]
[SourceTitle "BritBase"]
[SourceDate "2008.07.14"]
[SourceVersion "1"]
[SourceVersionDate "2008.07.14"]
[SourceQuality "2"]

1. e4 c5 2. Nf3 g6 3. d4 cxd4 4. Nxd4 Nc6 5. c4 Bh6 6. Nc3 Bxc1 7. Rxc1 Nf6 8.
Be2 d6 9. Nc2 O-O 10. O-O Be6 11. Ne3 Qb6 12. Qd2 Rac8 13. Rfd1 a6 14. h3 Ne5
15. b3 Ned7 16. Bd3 Ne5 17. Kh2 Qd4 18. Be2 Qxd2 19. Rxd2 Ned7 20. Ned5 Bxd5
21. exd5 Nc5 22. Bg4 Nxg4+ 23. hxg4 Kg7 24. Re1 Rc7 25. Rde2 Re8 26. Re3 Kf8
27. f4 Rcc8 28. Kg3 Nd7 29. g5 Nc5 30. Kf3 Nd7 31. g3 Nc5 32. R1e2 Nd7 33. Ke4
f6 34. gxf6 exf6+ 35. Kf3 Rxe3+ 36. Rxe3 Nc5 37. b4 Nd7 38. Ne4 Ke7 39. Nc5+
Ne5+ 40. fxe5 dxc5 41. e6 cxb4 42. c5 Rxc5 43. d6+ Kxd6 44. e7 Rc8 45. e8=Q
Rxe8 46. Rxe8 a5 47. Ra8 b6 48. Ke4 Kc5 49. Ra7 Kc4 50. Rc7+ Kb5 51. Kd3 Ka4
52. Rc6 b5 53. Ra6 h5 54. Kc2 g5 55. Kb2 f5 56. Rh6 f4 57. gxf4 gxf4 58. Rxh5
1-0

[Event "Monarch Assurance Isle of Man 10th"]
[Site "Port Erin IOM"]
[Date "2001.10.06"]
[Round "8.27"]
[White "Nicholson, John"]
[Black "Dossett, Chris"]
[Result "1/2-1/2"]
[WhiteElo "1865"]
[BlackElo "1768"]
[PlyCount "25"]
[EventDate "2001.09.29"]
[EventType "swiss"]
[EventRounds "9"]
[EventCountry "IOM"]
[SourceTitle "BritBase"]
[SourceDate "2008.07.14"]
[SourceVersion "1"]
[SourceVersionDate "2008.07.14"]
[SourceQuality "2"]

1. e4 c5 2. Nf3 d6 3. c3 Nf6 4. Bd3 Nc6 5. O-O g6 6. Bc2 Bg7 7. d4 b6 8. h3 O-O
9. Be3 cxd4 10. Nxd4 Bb7 11. Nd2 Rc8 12. Rc1 Qd7 13. f4 1/2-1/2

[Event "Monarch Assurance Isle of Man 10th"]
[Site "Port Erin IOM"]
[Date "2001.10.07"]
[Round "9.1"]
[White "Tiviakov, Sergei"]
[Black "Cherniaev, Alexander"]
[Result "1/2-1/2"]
[WhiteElo "2618"]
[BlackElo "2437"]
[PlyCount "113"]
[EventDate "2001.09.29"]
[EventType "swiss"]
[EventRounds "9"]
[EventCountry "IOM"]
[SourceTitle "BritBase"]
[SourceDate "2008.07.14"]
[SourceVersion "1"]
[SourceVersionDate "2008.07.14"]
[SourceQuality "2"]

1. e4 c5 2. Nc3 Nc6 3. Bb5 Nd4 4. Ba4 a6 5. d3 e6 6. Nf3 b5 7. Bb3 Nxb3 8. axb3
Bb7 9. O-O d6 10. Bg5 Nf6 11. Qe2 Be7 12. Rad1 O-O 13. Rfe1 Re8 14. Bh4 Qc7 15.
h3 Bc6 16. Qe3 Bb7 17. Bg3 Qc6 18. Re2 Rad8 19. Rde1 Rc8 20. Kh1 Ra8 21. Rg1
Rad8 22. e5 dxe5 23. Nxe5 Qc8 24. Rge1 Qa8 25. f3 Qc8 26. Bf2 Nd7 27. Nxd7 Qxd7
28. Qf4 Rc8 29. Qg4 Bf6 30. Bg3 Red8 31. Be5 Bxe5 32. Rxe5 Qd4 33. R1e2 h6 34.
Kh2 Qd6 35. Kh1 Qd4 36. Rh5 Kh7 37. Qg3 Rd7 38. Kh2 Qd6 39. Qxd6 Rxd6 40. Rhe5
c4 41. dxc4 bxc4 42. bxc4 Rxc4 43. Nb1 Rd1 44. Na3 Rb4 45. c3 Rb3 46. Ra5 g5
47. Nc4 Kg7 48. Rc5 Bd5 49. Ne5 Rb1 50. c4 Rc1 51. Rc7 Rb7 52. Rxb7 Bxb7 53.
Rd2 Kf6 54. Nd7+ Ke7 55. Nb8 Ke8 56. Rd6 Rxc4 57. Rb6 1/2-1/2

[Event "Monarch Assurance Isle of Man 10th"]
[Site "Port Erin IOM"]
[Date "2001.10.07"]
[Round "9.3"]
[White "Kiriakov, Petr"]
[Black "Galkin, Alexander"]
[Result "1/2-1/2"]
[WhiteElo "2548"]
[BlackElo "2583"]
[PlyCount "29"]
[EventDate "2001.09.29"]
[EventType "swiss"]
[EventRounds "9"]
[EventCountry "IOM"]
[SourceTitle "BritBase"]
[SourceDate "2008.07.14"]
[SourceVersion "1"]
[SourceVersionDate "2008.07.14"]
[SourceQuality "2"]

1. d4 d5 2. c4 e6 3. Nc3 c6 4. e3 Nf6 5. Nf3 Nbd7 6. Bd3 dxc4 7. Bxc4 b5 8. Be2
Bb7 9. O-O Be7 10. e4 b4 11. e5 bxc3 12. exf6 Bxf6 13. bxc3 O-O 14. Rb1 Qc7 15.
Bf4 1/2-1/2

[Event "Monarch Assurance Isle of Man 10th"]
[Site "Port Erin IOM"]
[Date "2001.10.07"]
[Round "9.4"]
[White "Ulibin, Mikhail"]
[Black "Gallagher, Joseph"]
[Result "1-0"]
[WhiteElo "2583"]
[BlackElo "2516"]
[PlyCount "55"]
[EventDate "2001.09.29"]
[EventType "swiss"]
[EventRounds "9"]
[EventCountry "IOM"]
[SourceTitle "BritBase"]
[SourceDate "2008.07.14"]
[SourceVersion "1"]
[SourceVersionDate "2008.07.14"]
[SourceQuality "2"]

1. e4 c5 2. Nf3 d6 3. Bb5+ Nd7 4. d4 Ngf6 5. Nc3 cxd4 6. Qxd4 e5 7. Qd3 h6 8.
a4 a6 9. Bc4 Nc5 10. Qe2 Be7 11. O-O Qc7 12. Nh4 g5 13. Nf5 Ncxe4 14. Nxe7 Nxc3
15. bxc3 Qxe7 16. Ba3 Be6 17. Rfd1 Rd8 18. Rab1 O-O 19. Bxe6 fxe6 20. c4 Qc7
21. Qd3 e4 22. Qh3 Rf7 23. Qxh6 Qe7 24. Qxg5+ Rg7 25. Qh4 Rh7 26. Qf4 e5 27.
Qf5 Kh8 28. Rxb7 {time} 1-0

[Event "Monarch Assurance Isle of Man 10th"]
[Site "Port Erin IOM"]
[Date "2001.10.07"]
[Round "9.5"]
[White "Brodsky, Michail"]
[Black "Yakovich, Yuri"]
[Result "1/2-1/2"]
[WhiteElo "2528"]
[BlackElo "2577"]
[PlyCount "48"]
[EventDate "2001.09.29"]
[EventType "swiss"]
[EventRounds "9"]
[EventCountry "IOM"]
[SourceTitle "BritBase"]
[SourceDate "2008.07.14"]
[SourceVersion "1"]
[SourceVersionDate "2008.07.14"]
[SourceQuality "2"]

1. e4 c5 2. Nf3 Nc6 3. d4 cxd4 4. Nxd4 Nf6 5. Nc3 e5 6. Ndb5 d6 7. Bg5 a6 8.
Na3 b5 9. Nd5 Be7 10. Bxf6 Bxf6 11. c3 O-O 12. Nc2 Bg5 13. a4 bxa4 14. Rxa4 a5
15. Bc4 Rb8 16. b3 Kh8 17. O-O f5 18. exf5 Bxf5 19. Nce3 Bg6 20. f3 Bxe3+ 21.
Nxe3 Qb6 22. Qd2 Bf7 23. Kh1 Bxc4 24. Rxc4 Ne7 1/2-1/2

[Event "Monarch Assurance Isle of Man 10th"]
[Site "Port Erin IOM"]
[Date "2001.10.07"]
[Round "9.7"]
[White "Stocek, Jiri"]
[Black "Hanley, Craig A"]
[Result "1-0"]
[WhiteElo "2530"]
[BlackElo "2278"]
[PlyCount "69"]
[EventDate "2001.09.29"]
[EventType "swiss"]
[EventRounds "9"]
[EventCountry "IOM"]
[SourceTitle "BritBase"]
[SourceDate "2008.07.14"]
[SourceVersion "1"]
[SourceVersionDate "2008.07.14"]
[SourceQuality "2"]

1. Nf3 Nf6 2. c4 c6 3. g3 d5 4. Bg2 Bg4 5. Ne5 Be6 6. cxd5 Bxd5 7. Nf3 e5 8.
Nc3 Nbd7 9. O-O Bd6 10. d4 Bxf3 11. Bxf3 exd4 12. Qxd4 Be5 13. Qb4 Qb6 14. a3
a5 15. Qc4 O-O 16. Rb1 Qd4 17. Qa2 Qc5 18. Qb3 Bd4 19. Bf4 Qa7 20. Rbd1 Nc5 21.
Qc2 Ne6 22. e3 Nxf4 23. gxf4 Bc5 24. e4 Rfd8 25. e5 Nd7 26. Ne4 Be7 27. Kh1 Nc5
28. f5 Nxe4 29. Qxe4 Rxd1 30. Bxd1 f6 31. Rg1 fxe5 32. Qxe5 Bf8 33. f6 b5 34.
Bb3+ Kh8 35. Qe6 1-0